[Event "GER-chT U14"]
[Site "Willingen"]
[Date "2022.08.14"]
[Round "3.9"]
[White "Rudolph, Alexander"]
[Black "Stiehl, Richard"]
[Result "1-0"]
[WhiteElo "1417"]
[BlackElo "1272"]
[PlyCount "82"]
[EventDate "2022.08.13"]
[EventType "team-swiss"]
[EventRounds "7"]
[EventCountry "GER"]
[SourceTitle "EXT 2023"]
[Source "ChessBase"]
[SourceDate "2022.10.05"]
[SourceVersion "1"]
[SourceVersionDate "2022.10.05"]
[SourceQuality "1"]
[WhiteTeam "Muenchen Tarrasch"]
[BlackTeam "Ingelheim"]
[WhiteTeamCountry "GER"]
[BlackTeamCountry "GER"]

1. e4 e5 2. Nf3 Nc6 3. Bc4 Bc5 4. d3 d6 5. Nbd2 Nf6 6. c3 Bg4 7. 0-0 0-0 8. h3 Be6 9. Re1 Re8 10. Nf1 Bxc4 11. dxc4 h6 12. Ng3 a6 13. Bd2 Qd7 14. Qc1 Qe6 15. b3 Ne7 16. Nh4 Kh7 17. Nhf5 Nfg8 18. b4 Ba7 19. c5 dxc5 20. Re3 g6 21. Nh5 gxh5 22. Rf3 Nxf5 23. Rxf5 Qg6 24. Qc2 Ne7 25. Rf3 Rg8 26. Rg3 Qe6 27. Rf3 cxb4 28. cxb4 Qg6 29. g3 h4 30. g4 h5 31. g5 Rad8 32. Bc1 Nc6 33. Qc4 Rg7 34. Kh2 Rd4 35. Qf1 Rxe4 36. Rf6 Re1 37. Qxe1 Qc2 38. Be3 Nd4 39. Qd1 Qe4 40. Qxh5+ Kg8 41. Rg1 Ne2 1-0

[Event "GER-chT U12"]
[Site "Magdeburg"]
[Date "2019.12.29"]
[Round "6.4"]
[White "Skolnik, Andrius"]
[Black "Stiehl, Richard"]
[Result "1/2-1/2"]
[WhiteElo "1278"]
[BlackElo "1171"]
[PlyCount "66"]
[EventDate "2019.12.27"]
[EventType "team-swiss"]
[EventRounds "7"]
[EventCountry "GER"]
[SourceTitle "CBM 194 Extra"]
[Source "ChessBase"]
[SourceDate "2020.03.31"]
[SourceVersion "1"]
[SourceVersionDate "2020.03.31"]
[SourceQuality "1"]
[WhiteTeam "Brackel"]
[BlackTeam "Ingelheim"]
[WhiteTeamCountry "GER"]
[BlackTeamCountry "GER"]

1. e4 e5 2. Nf3 Nc6 3. Bc4 Bc5 4. c3 Nf6 5. d4 exd4 6. cxd4 Bb4+ 7. Nc3 Nxe4 8. Bd2 Bxc3 9. Bxc3 d5 10. Bd3 0-0 11. h3 Re8 12. 0-0 Bf5 13. Qc2 Qd7 14. Rfe1 Nd6 15. Ne5 Nxe5 16. dxe5 Bxd3 17. Qxd3 Nf5 18. Rac1 Ne7 19. Qg3 Qe6 20. h4 Qg6 21. Qh3 h5 22. Qd7 Rac8 23. Bb4 Nc6 24. a3 Qe6 25. Qxe6 Rxe6 26. f4 g6 27. Bc5 b6 28. Be3 Ne7 29. g3 c5 30. b3 a6 31. b4 c4 32. Red1 b5 33. Bc5 Rd8 1/2-1/2

[Event "GER-chT U12"]
[Site "Magdeburg"]
[Date "2019.12.27"]
[Round "1.6"]
[White "Stiehl, Richard"]
[Black "Held, Momme Fredrik"]
[Result "0-1"]
[WhiteElo "1171"]
[BlackElo "1573"]
[PlyCount "74"]
[EventDate "2019.12.27"]
[EventType "team-swiss"]
[EventRounds "7"]
[EventCountry "GER"]
[SourceTitle "CBM 194 Extra"]
[Source "ChessBase"]
[SourceDate "2020.03.31"]
[SourceVersion "1"]
[SourceVersionDate "2020.03.31"]
[SourceQuality "1"]
[WhiteTeam "Ingelheim"]
[BlackTeam "Kreuzberg"]
[WhiteTeamCountry "GER"]
[BlackTeamCountry "GER"]

1. e4 e5 2. Nf3 Nc6 3. Bc4 Nf6 4. d3 Be7 5. Nc3 d6 6. h3 h6 7. 0-0 0-0 8. Re1 Na5 9. Bb3 Nxb3 10. axb3 Nh7 11. Ne2 f5 12. exf5 Bxf5 13. Ng3 Be6 14. d4 Ng5 15. Bxg5 Bxg5 16. dxe5 d5 17. Qe2 a6 18. Red1 c5 19. c4 d4 20. b4 b6 21. b3 a5 22. bxc5 bxc5 23. Ne4 Be7 24. Ng3 Qb6 25. Rab1 Qc6 26. Rd2 Bxh3 27. Kh2 Bf5 28. Nxf5 Rxf5 29. Rh1 Bg5 30. Rdd1 Re8 31. Nxg5 Rxg5 32. f4 Rg6 33. Rdf1 d3 34. Qd2 Rg4 35. Rd1 Qe4 36. Rhf1 g5 37. Rde1 Qd4 0-1

[Event "GER-chT U12"]
[Site "Magdeburg"]
[Date "2019.12.27"]
[Round "2.7"]
[White "Stiehl, Richard"]
[Black "Liu, Leon"]
[Result "1-0"]
[WhiteElo "1171"]
[BlackElo "1344"]
[PlyCount "103"]
[EventDate "2019.12.27"]
[EventType "team-swiss"]
[EventRounds "7"]
[EventCountry "GER"]
[SourceTitle "CBM 194 Extra"]
[Source "ChessBase"]
[SourceDate "2020.03.31"]
[SourceVersion "1"]
[SourceVersionDate "2020.03.31"]
[SourceQuality "1"]
[WhiteTeam "Ingelheim"]
[BlackTeam "Karlsruhe SF"]
[WhiteTeamCountry "GER"]
[BlackTeamCountry "GER"]

1. e4 c6 2. d4 d5 3. Nc3 dxe4 4. Nxe4 Bf5 5. Nc3 e6 6. Nf3 Nf6 7. Bf4 Bb4 8. Bd2 0-0 9. Be2 Bg4 10. 0-0 Bxf3 11. Bxf3 Qxd4 12. Qe1 Rd8 13. Rd1 Qc4 14. a3 Bxc3 15. Bxc3 Rxd1 16. Qxd1 Nbd7 17. Qd2 Nc5 18. Rd1 h6 19. Bxf6 gxf6 20. Qxh6 Qxc2 21. Qxf6 Ne4 22. Qh4 Nd2 23. Qg5+ Qg6 24. Qxg6+ fxg6 25. Rxd2 b5 26. Bxc6 Rc8 27. Rc2 a5 28. Be4 Rxc2 29. Bxc2 Kf7 30. Kf1 e5 31. Ke2 g5 32. b4 axb4 33. axb4 Ke6 34. Ke3 Kd5 35. Bb3+ Kd6 36. Ke4 g4 37. g3 Ke7 38. Kxe5 Kf8 39. Kd5 Kg7 40. Kc5 Kg6 41. Kxb5 Kg5 42. Kc5 Kf5 43. b5 Ke4 44. b6 Kf3 45. b7 Kxf2 46. b8Q Kg2 47. Qg8 Kh3 48. Bc4 Kg2 49. Qxg4 Kxh2 50. Bf1 Kg1 51. Qf3 Kh2 52. Qg2# 1-0

[Event "Heusenstamm Sparkassen op U14 6th"]
[Site "Heusenstamm"]
[Date "2019.11.23"]
[Round "4"]
[White "Stiehl, Richard"]
[Black "Jelinek, Tim F"]
[Result "0-1"]
[WhiteElo "1205"]
[BlackElo "1224"]
[PlyCount "86"]
[EventDate "2019.11.21"]
[EventType "swiss"]
[EventRounds "7"]
[EventCountry "GER"]
[SourceTitle "CBM 194 Extra"]
[Source "ChessBase"]
[SourceDate "2020.03.31"]
[SourceVersion "1"]
[SourceVersionDate "2020.03.31"]
[SourceQuality "1"]

1. e4 e5 2. Nf3 Nc6 3. Bc4 Bc5 4. d3 d6 5. h3 f6 6. c3 f5 7. Nbd2 Nf6 8. Nb3 Bb6 9. Bg5 Qe7 10. d4 exd4 11. cxd4 fxe4 12. Bxf6 Qxf6 13. Qe2 Bf5 14. Nfd2 0-0-0 15. Nxe4 Bxe4 16. 0-0 Bxd4 17. Qxe4 Rde8 18. Qg4+ Kb8 19. Bb5 Ne5 20. Qxd4 Re7 21. Qc3 h5 22. Rfe1 Qg5 23. Qg3 Qf6 24. Re3 h4 25. Qh2 Rf8 26. f3 a6 27. Bf1 Qg6 28. Rae1 Rxf3 29. Kh1 Rg3 30. Rxg3 hxg3 31. Qg1 Nf3 32. Rxe7 Nxg1 33. Kxg1 Qf6 34. Re2 c5 35. Rd2 c4 36. Bxc4 Qe5 37. Re2 Qf4 38. Bd5 Qf5 39. Be4 Qe5 40. Bf3 Qb5 41. Re7 Qb6+ 42. Kh1 Qf2 43. Rxb7+ Kc8 0-1

[Event "Heusenstamm Sparkassen op U14 6th"]
[Site "Heusenstamm"]
[Date "2019.11.22"]
[Round "1"]
[White "Yang, Sophie"]
[Black "Stiehl, Richard"]
[Result "0-1"]
[WhiteElo "849"]
[BlackElo "1205"]
[PlyCount "64"]
[EventDate "2019.11.21"]
[EventType "swiss"]
[EventRounds "7"]
[EventCountry "GER"]
[SourceTitle "CBM 194 Extra"]
[Source "ChessBase"]
[SourceDate "2020.03.31"]
[SourceVersion "1"]
[SourceVersionDate "2020.03.31"]
[SourceQuality "1"]

1. e4 e5 2. f4 d6 3. Nf3 Nc6 4. fxe5 dxe5 5. Nc3 Bc5 6. Bc4 Bg4 7. d3 h6 8. Bd2 Nd4 9. Rf1 Nxf3+ 10. gxf3 Bh3 11. Rg1 Bxg1 12. Qe2 Qh4+ 13. Kd1 Nf6 14. Bb5+ c6 15. Ba4 Ng4 16. fxg4 Bxg4 17. Be1 Bxe2+ 18. Nxe2 Qxh2 19. Kd2 0-0-0 20. Bg3 Qh3 21. Bxe5 Be3+ 22. Kd1 Qh1+ 23. Ng1 Qxg1+ 24. Ke2 Qxa1 25. Bxg7 Rhg8 26. Bxh6 Bxh6 27. Bb3 Qxb2 28. Bxf7 Qxc2+ 29. Kf3 Qxd3+ 30. Kf2 Rdf8 31. e5 Rxf7+ 32. Ke1 Qd2# 0-1

[Event "Bad Soden U14 op"]
[Site "Bad Soden"]
[Date "2019.10.04"]
[Round "3"]
[White "Mueller, Maurice Pascal"]
[Black "Stiehl, Richard"]
[Result "1-0"]
[WhiteElo "1683"]
[BlackElo "1243"]
[PlyCount "79"]
[EventDate "2019.10.03"]
[EventType "swiss"]
[EventRounds "9"]
[EventCountry "GER"]
[SourceTitle "CBM 192 Extra"]
[Source "Chessbase"]
[SourceDate "2019.11.06"]
[SourceVersion "1"]
[SourceVersionDate "2019.11.06"]
[SourceQuality "1"]

1. e4 e5 2. Nf3 Nc6 3. Bb5 a6 4. Ba4 Nf6 5. 0-0 Bc5 6. d3 h6 7. Bxc6 bxc6 8. Nxe5 Bb7 9. Nc3 d6 10. Ng4 0-0 11. Qf3 Bc8 12. Nxf6+ Qxf6 13. Qxf6 gxf6 14. Bxh6 Re8 15. Be3 Bb6 16. Bxb6 cxb6 17. f4 f5 18. h3 b5 19. a3 a5 20. Kh2 Bd7 21. exf5 Bxf5 22. g4 Bd7 23. Ne4 Re6 24. f5 Re5 25. Nf6+ Kg7 26. Nxd7 Re2+ 27. Kg3 Rxc2 28. g5 Rd8 29. Nf6 Rh8 30. Rae1 Rd2 31. Rf3 Rxb2 32. Ne8+ Kh7 33. Nxd6 Rg8 34. h4 Rb3 35. Nxf7 c5 36. g6+ Kg7 37. h5 Rxa3 38. f6+ Kf8 39. g7+ Kxf7 40. Re7# 1-0